| 000 | 00341nam a2200145Ia 4500 | ||
|---|---|---|---|
| 005 | 20251222153540.0 | ||
| 008 | 251222s9999||||xx |||||||||||||| ||spa|| | ||
| 020 | _a9786124574740 | ||
| 082 | _a657.42/F64/2014 | ||
| 100 | _aFlores Soria, Jaime | ||
| 245 | 0 | _aCostos y Presupuestos: | |
| 250 | _a5ta. ed. | ||
| 264 | _bCECOF | ||
| 942 | _cLIB | ||
| 999 |
_c30420 _d30420 |
||